00448nam a2200157Ia 4500008004100000040001900041041001200060082001900072100003100091245006900122260002600191300001900217650002200236651001400258850001800272131103s9999 xx 000 0 und d aLoreto College aEnglish a922/NEUbLCLIB aLama, Friedrich Ritter von aForther chronicles of Therese NeumanncFriedrich Ritter von Lama aNew YorkbBrusec1932 a259p. c 22cm. aNeumann, Therese  aBiography aLCLIB/922/NEU